| 000 | 00777nam a22002297a 4500 | ||
|---|---|---|---|
| 999 |
_c11671 _d11671 |
||
| 003 | AR-CdUCM | ||
| 008 | 190404b ||||| |||| 00| 0 spa d | ||
| 040 |
_aMUNICIPALIDAD PROVINCIAL DEL CUSCO _cBIBLIOTECA MUNICIPAL DEL CUSCO |
||
| 082 |
_aEP / 370.498 / _bV66 |
||
| 100 |
_aVillar Huachaca, Mary Deissy _929149 |
||
| 245 | _aSara Mama Uyway Yachaykuna / | ||
| 260 |
_aLima : _bAcuarios |
||
| 300 |
_a16 páginas ; _bIlustraciones _c21cm |
||
| 505 | _a | ||
| 650 |
_aEducación primaria _91561 |
||
| 650 |
_aLectura en Quechua _929150 |
||
| 700 |
_aArone Huamaní, Ricardo _929151 |
||
| 710 |
_aDirección de Educación Intercultural Bilingüe-DEIB-Ministerio de Educación _929152 |
||
| 710 |
_aUNICEF _99438 |
||
| 942 |
_2ddc _cLIBROS |
||
| 945 |
_anom _d2019-04-04 |
||